000 00753nam a2200289Ia 4500
005 20260324132326.0
008 008 260324s9999 xx 000 0 eng d
020 _a9781315633756
037 _aEBOOK
040 _aCRL
040 _beng
040 _cCRL
041 _2eng
041 _aeng
084 _qCRL
100 _aNelson Maldonado-Torres; Jose David Saldivar; Ramon Grosfoguel
_91188856
245 0 _aLatino/as in the World-system
245 0 _bDecolonization Struggles in the 21st Century U.S. Empire
260 _bTaylor and Francis
260 _c2005
365 _a
365 _b300
856 _uhttp://www.taylorfrancis.com/books/9781315633756
942 _cEBOOK
999 _c1786872
_d1786872